Možnosti riešenia problematiky Big Data v jazyku R

Nové zdroje údajov, rastúci objem dát či meniace sa správanie zákazníkov, ako výzvy, ktorým aktuárstvo čelí. Big Data a spôsob ich spracovania ako dôležitý faktor pri konkurenčnom súboji. Problematika Big Data v aktuárstve a využitie v tomto kontexte jazyku R a Apache Hadoop.

Enregistré dans:
Détails bibliographiques
Auteur principal: Páleš, Michal, 1984-
Format: Chapitre de livre
Langue:slovaque
Sujets:
Tags: Ajouter un tag
Pas de tags, Soyez le premier à ajouter un tag!

MARC

LEADER 00000naa a2200000 4500
001 0263306
005 20240502074201.0
041 0 |a slo 
044 |a SK 
245 1 0 |a Možnosti riešenia problematiky Big Data v jazyku R  |c Michal Páleš 
520 |a Nové zdroje údajov, rastúci objem dát či meniace sa správanie zákazníkov, ako výzvy, ktorým aktuárstvo čelí. Big Data a spôsob ich spracovania ako dôležitý faktor pri konkurenčnom súboji. Problematika Big Data v aktuárstve a využitie v tomto kontexte jazyku R a Apache Hadoop. 
610 2 0 |a aktuári 
610 2 0 |a dáta 
610 2 0 |a Big Data 
610 2 0 |a technológie informačné 
610 2 0 |a jazyky programovacie 
100 1 |a Páleš, Michal, 1984-